000 01540nam a2200445 i 4500
001 11308
003 KOSZ 005
005 20201014140537.0
008 080303s1967 pl a g 000 0 pol
015 _aPB 1967/8501
040 _aWA N
_cKOSZ 005/RW
_dKOSZ 005/RW
_dKOSZ 005/HR
041 1 _apol
_hlat
_hger
046 _k1967
080 _a274.5
080 _a929-052(430)"14"
080 _a929-052(430)"15"
100 1 _aSéguenny, André
_d(1938- ).
_eAutor
245 1 0 _aLuter /
_cAndrzej Ściegienny.
260 _aWarszawa :
_b"Wiedza Powszechna",
_c1967.
300 _a201, [3] s. :
_bil., err. ;
_c18 cm.
380 _aKsiążki.
388 _a1901-
490 1 _aMyśli i Ludzie. 2, Filozofia Nowożytna i Współczesna.
500 _aNa książce wcześniejsza nazwa aut., przyjęta: André Séguenny.
504 _aBibliogr. s. 91-[92].
505 2 _aWybór pism Lutra.
546 _aTł. z łac. i niem.
600 1 4 _aLuther, Martin
_d(1483-1546)
650 4 _aReformacja
_zNiemcy.
650 4 _aEwangelicyzm augsburski
_zNiemcy
_y16 w.
658 _aHistoria
658 _aReligia i duchowość
648 4 _a1401-1500
648 4 _a1501-1600
655 4 _aBiografia
710 2 _aPaństwowe Wydawnictwo Wiedza Powszechna
_4pbl.
856 _uhttp://koha.tu.koszalin.pl/cgi-bin/koha/opac-detail.pl?biblionumber=11308
_yKatalog online BPK
830 0 _aMyśli i Ludzie.
_n2,
_pFilozofia Nowożytna i Współczesna
942 _2UKD
_cKS
999 _c11308
_d11308